00750nam a2200169 a 450000100100000000500170001000800410002704000250006808200150009324500750010826001080018330000200029149000630031183000700037495201190044499900170056300002367820200930022405.0101218s1968 mx 000 0 spa d aDO-SdBNPbspacBNPHU axxxxbxxxx03aEl cuento enigmatico /cSelección, prólogo y notas Antonio Helú. aMéxico, D. F. :bSecretaría de Educación Pública. Subsecretaría de Asuntos Culturales,c1968. a83 p. ;c17 cm.1 aCuadernos de Lectura PopularaLa honda del espírituv124 0aCuadernos de Lectura PopularpLa honda del espírituv124930181 001054708MOaGRbGRcCTd2010-12-18iLF1l0oxxxx xxxxp23678-10r2020-06-25w2020-06-25y4ZPréstamo en sala c23174d23174